QUEST Central Library Banner

A Framework For Cloud Service Evaluation and Selection Based on User Preferences and Location (ME Thesis) (Record no. 67443)

MARC details
000 -LEADER
fixed length control field 00505nam a22001337a 4500
100 ## - MAIN ENTRY--AUTHOR NAME
Personal name Zulfiqar Gul Shaikh
-- 19MSIT08
-- Supervisor - Prof.Dr Zahid Hussain Abro
245 ## - TITLE STATEMENT
Title A Framework For Cloud Service Evaluation and Selection Based on User Preferences and Location (ME Thesis)
260 ## - PUBLICATION, DISTRIBUTION, ETC. (IMPRINT)
Place of publication Nawabshah
Name of publisher Quest
Year of publication 2021
300 ## - PHYSICAL DESCRIPTION
Number of Pages 68p.
650 ## - SUBJECT ADDED ENTRY--TOPICAL TERM
Topical Term Master of Science in Information Technology
700 ## - ADDED ENTRY--PERSONAL NAME
Personal name Department of Information Technology
856 ## - ELECTRONIC LOCATION AND ACCESS
Uniform Resource Identifier https://tinyurl.com/5n8nuf94
942 ## - ADDED ENTRY ELEMENTS (KOHA)
Koha item type Thesis and Dissertation
Holdings
Withdrawn status Lost status Home library Current library Date acquired Accession Number Koha item type
    Research Section Research Section 17/01/2022 MP/71-940 Thesis and Dissertation
    Research Section Research Section 17/01/2022 MP/71-941 Thesis and Dissertation
    Research Section Research Section 06/12/2023 MP/71-939 Thesis and Dissertation

Copyright © 2018,The QUEST, Nawabshah, Shaheed Benazirabad. All rights reserved
Mr. G. Farooq Channar (Librarian) QUEST, Nawabshah, Sindh, Pakistan 67480.
 Ph#: |   0244-9370381-4 Ext. 2308   Email| lib@quest.edu.pk   Web|  http://www.quest.edu.pk